Loading...
Ancient History and Archaeology | 1 | 0.00 | 0% | 0% | 0% |
Beliefs | 4 | 12.50 | 50% | 50% | 25% |
British and Commonwealth History | 1 | 10.00 | 100% | 0% | 0% |
Current Events | 1 | 20.00 | 100% | 100% | 0% |
Fine Arts - Auditory Fine Arts | 2 | 10.00 | 50% | 50% | 0% |
Fine Arts - Visual Fine Arts | 2 | 5.00 | 0% | 50% | 0% |
Geography | 1 | 10.00 | 0% | 100% | 0% |
History - American History | 4 | 12.50 | 100% | 25% | 0% |
History - European History | 4 | 10.00 | 50% | 50% | 0% |
History - World History | 2 | 5.00 | 50% | 0% | 0% |
Literature - American Literature | 5 | 8.00 | 40% | 20% | 20% |
Literature - British Literature | 4 | 7.50 | 75% | 0% | 0% |
Literature - European Literature | 1 | 10.00 | 100% | 0% | 0% |
Other Academic | 1 | 20.00 | 100% | 100% | 0% |
Other Arts: Auditory | 1 | 10.00 | 100% | 0% | 0% |
Other Arts: Visual | 1 | 10.00 | 100% | 0% | 0% |
Other Science: Computer Science | 2 | 5.00 | 0% | 50% | 0% |
Other Science: Earth Science | 1 | 10.00 | 100% | 0% | 0% |
Other Science: Math | 2 | 5.00 | 50% | 0% | 0% |
Philosophy | 2 | 15.00 | 100% | 50% | 0% |
Science - Biology | 6 | 8.33 | 83% | 0% | 0% |
Science - Chemistry | 2 | 0.00 | 0% | 0% | 0% |
Science - Physics | 3 | 10.00 | 100% | 0% | 0% |
Social Science | 1 | 10.00 | 0% | 100% | 0% |
World and Other Literature | 4 | 12.50 | 100% | 25% | 0% |